Sổ tay tóm tắt kiến thức tiếng Anh dành cho trường trung học cơ sở

সংরক্ষণ করুন:
গ্রন্থ-পঞ্জীর বিবরন
প্রধান লেখক: Hoàng Văn Sít (Chủ biên)
অন্যান্য লেখক: Trần Hữu Mạnh, Đặng Trần Cường
বিন্যাস: গ্রন্থ
প্রকাশিত: H. Giáo dục 1999
সংস্করন:In lần thứ 2
বিষয়গুলি:
ট্যাগগুলো: ট্যাগ যুক্ত করুন
কোনো ট্যাগ নেই, প্রথমজন হিসাবে ট্যাগ করুন!
Thư viện lưu trữ: Trung tâm Học liệu Lê Vũ Hùng, Trường Đại học Đồng Tháp
LEADER 01126pam a22002898a 4500
001 00019175
005 20171026081022.0
008 110505s1999 ||||||Viesd
020 |c 8700 
041 0 # |a Vie 
082 1 4 |a 428.2  |b S450T 
100 1 # |a Hoàng Văn Sít  |e Chủ biên 
245 1 0 |a Sổ tay tóm tắt kiến thức tiếng Anh  |c Hoàng Văn Sít chủ biên; Trần Hữu Mạnh, Đặng Trần Cường  |b dành cho trường trung học cơ sở 
250 # # |a In lần thứ 2 
260 # # |a H.  |b Giáo dục  |c 1999 
300 # # |a 179 tr.  |c 21 cm. 
653 # # |a Kiến thức 
653 # # |a Tiếng Anh 
653 # # |a Sổ tay 
700 1 # |a Trần Hữu Mạnh 
700 1 # |a Đặng Trần Cường 
852 # # |b Kho giáo trình  |j KGT.0034283, KGT.0034284, KGT.0035872 
852 # # |b Kho mượn  |j KGT.0035872 
852 # # |j KGT.0035872  |j KGT.0034284  |j KD.0004476  |j KD.0008720  |j KGT.0034283 
852 # # |b Kho đọc  |j KD.0004476, KD.0008720 
910 |d 05/05/2011 
980 # # |a Trung tâm Học liệu Lê Vũ Hùng, Trường Đại học Đồng Tháp